Statistics for Commonly Overlooked Capitals

Click here to take the quiz!

General Stats

  • This quiz has been taken 10 times
  • The average score is 7 of 9

Answer Stats

CountryCapital% Correct
BrazilBrasilia
100%
AustraliaCanberra
100%
CanadaOttawa
100%
South AfricaPretoria
89%
BoliviaSucre
89%
TurkeyAnkara
78%
VietnamHanoi
78%
Sri LankaSri Jayawardenepura Kotte
67%
MyanmarNaypyitaw
44%

Score Distribution

Percentile by Number Answered

Percent of People with Each Score

Your Score History

You have not taken this quiz